[Event "XXXIV Miedzynarodowy Turniej Szachowy im"]
[Site "Police Klubie Nauczyciela  ul."]
[Date "2019.??.??"]
[Round "4.1"]
[White "Shishkin, Vadim"]
[Black "Mirzoev, Azer"]
[Result "1/2-1/2"]
[WhiteElo "2457"]
[BlackElo "2474"]
[PlyCount "21"]
[EventDate "2019.??.??"]

1. d4 Nf6 2. c4 e6 3. Nc3 d5 4. cxd5 exd5 5. Bg5 Be7 6. e3 c6 7. Bd3 Nbd7 8.
Nf3 O-O 9. O-O Re8 10. Qc2 Nf8 11. h3 1/2-1/2

[Event "XXXIV Miedzynarodowy Turniej Szachowy im"]
[Site "Police Klubie Nauczyciela  ul."]
[Date "2019.??.??"]
[Round "4.3"]
[White "Ahlander, Bjorn"]
[Black "Levin, Felix"]
[Result "0-1"]
[WhiteElo "2391"]
[BlackElo "2457"]
[PlyCount "78"]
[EventDate "2019.??.??"]

1. d4 d5 2. Nf3 Nf6 3. g3 e6 4. Bg2 b5 5. Ne5 Bb7 6. Qd3 a6 7. a4 b4 8. Nd2 c5
9. dxc5 Bxc5 10. O-O O-O 11. b3 Nbd7 12. Bb2 Nxe5 13. Bxe5 a5 14. c4 bxc3 15.
Qxc3 Rc8 16. Qb2 Ba6 17. Nf3 Qe7 18. Rfc1 Rfd8 19. e3 Ne8 20. Bc3 Bb4 21. Nd4
Bb7 22. Qd2 Rxc3 23. Rxc3 e5 24. Nf5 Qf6 25. g4 d4 26. Bxb7 Bxc3 27. Qc1 Bxa1
28. Qxa1 g6 29. Ng3 dxe3 30. fxe3 Qb6 31. Bg2 Qxe3+ 32. Kh1 Qxb3 33. Qxe5 Qxa4
34. h3 Qb4 35. Kh2 Qb8 36. Qxa5 Rd3 37. Qe1 Nf6 38. Qf2 h5 39. Bf1 Ne4 0-1

[Event "XXXIV Miedzynarodowy Turniej Szachowy im"]
[Site "Police Klubie Nauczyciela  ul."]
[Date "2019.??.??"]
[Round "4.4"]
[White "Szpar, Milosz"]
[Black "Yagupov, Igor"]
[Result "1/2-1/2"]
[WhiteElo "2289"]
[BlackElo "2385"]
[PlyCount "61"]
[EventDate "2019.??.??"]

1. e4 c5 2. Nf3 Nc6 3. d4 cxd4 4. Nxd4 Nf6 5. Nc3 d6 6. Bg5 e6 7. Qd2 a6 8.
O-O-O Bd7 9. f4 Be7 10. Nf3 b5 11. e5 dxe5 12. fxe5 Nd5 13. Nxd5 exd5 14. Bxe7
Nxe7 15. Nd4 O-O 16. Bd3 Nc6 17. Nxc6 Bxc6 18. Qf4 Qc7 19. Rhe1 Rae8 20. Qd4
Re6 21. Bf5 Rh6 22. Qc5 Qd8 23. Kb1 Qe8 24. h3 Bb7 25. g4 Bc8 26. Qxd5 Rxh3 27.
Qg2 Rh6 28. g5 Rh5 29. Be4 g6 30. Bf3 Rh4 31. Qg3 1/2-1/2

[Event "XXXIV Miedzynarodowy Turniej Szachowy im"]
[Site "Police Klubie Nauczyciela  ul."]
[Date "2019.??.??"]
[Round "4.5"]
[White "Chojnacki, Krzysztof"]
[Black "Dzhuguryan, Tygran"]
[Result "0-1"]
[WhiteElo "2376"]
[BlackElo "2230"]
[PlyCount "66"]
[EventDate "2019.??.??"]

1. d4 Nf6 2. c4 e6 3. Nc3 Bb4 4. f3 O-O 5. e4 d5 6. cxd5 exd5 7. e5 Nfd7 8. a3
Bxc3+ 9. bxc3 b6 10. Bd3 Ba6 11. Ne2 Bxd3 12. Qxd3 Nc6 13. O-O Na5 14. Ng3 Qe7
15. f4 f6 16. Nf5 Qe6 17. Ra2 Nc4 18. Raf2 Kh8 19. Nxg7 Kxg7 20. f5 Qe7 21. e6
Nb8 22. Bh6+ Kh8 23. Bxf8 Qxf8 24. Qf3 Qd6 25. Re2 Nc6 26. e7 Nxe7 27. Re6 Qd7
28. Rxf6 Ng8 29. Re6 Nd2 30. Qf4 Nxf1 31. Qe5+ Qg7 32. f6 Nxf6 33. Rxf6 Ne3 0-1

[Event "XXXIV Miedzynarodowy Turniej Szachowy im"]
[Site "Police Klubie Nauczyciela  ul."]
[Date "2019.??.??"]
[Round "4.6"]
[White "Licznerski, Lukasz"]
[Black "Pahl, Erik"]
[Result "1/2-1/2"]
[WhiteElo "2328"]
[BlackElo "2006"]
[PlyCount "120"]
[EventDate "2019.??.??"]

1. e4 e5 2. Nf3 Nc6 3. Bb5 a6 4. Ba4 Nf6 5. O-O Be7 6. Re1 b5 7. Bb3 d6 8. c3
O-O 9. d4 Bg4 10. d5 Na5 11. Bc2 c6 12. h3 Bc8 13. b4 Nc4 14. dxc6 Qb6 15. a4
Qxc6 16. axb5 axb5 17. Rxa8 Qxa8 18. Nfd2 Nxd2 19. Nxd2 d5 20. exd5 Nxd5 21.
Nb1 Bb7 22. Rxe5 Bf6 23. Re1 Rd8 24. Qg4 g6 25. Qf3 Bg7 26. Be4 f5 27. Bxd5+
Bxd5 28. Qg3 Qc6 29. Qh4 Rc8 30. Bh6 Bh8 31. f3 Re8 32. Re7 Ba2 33. Qe1 Be6 34.
Rxe8+ Qxe8 35. Qd2 Qd7 36. Na3 Kf7 37. Be3 Qxd2 38. Bxd2 Bd7 39. Kf2 Ke6 40. c4
bxc4 41. Nxc4 Bb5 42. Na5 Kd5 43. Be3 Be5 44. Bc5 Bc7 45. Nb3 Ba4 46. Nd4 Be5
47. Ne2 Bb5 48. Ke3 Kc4 49. Be7 Kd5 50. Bf8 Ba6 51. Bc5 Bb5 52. Nc1 f4+ 53. Kf2
Bf6 54. Nb3 Bh4+ 55. Kg1 Be1 56. Na5 Ba6 57. Be7 Ke6 58. Bf8 Kd5 59. Bc5 h5 60.
Nb3 Bc4 1/2-1/2

[Event "XXXIV Miedzynarodowy Turniej Szachowy im"]
[Site "Police Klubie Nauczyciela  ul."]
[Date "2019.??.??"]
[Round "4.7"]
[White "Korbal, Arkadiusz"]
[Black "Pajeken, Jakob Leon"]
[Result "1/2-1/2"]
[WhiteElo "2178"]
[BlackElo "2314"]
[PlyCount "56"]
[EventDate "2019.??.??"]

1. c4 e5 2. Nc3 Nf6 3. Nf3 Nc6 4. g3 d5 5. cxd5 Nxd5 6. Bg2 Nxc3 7. bxc3 Bc5 8.
O-O O-O 9. Rb1 Re8 10. Nxe5 Nxe5 11. d4 Bb6 12. dxe5 Qe7 13. Rb4 Bf5 14. Bf4 h6
15. Qc1 Rad8 16. Rb2 Qa3 17. Bxb7 Rb8 18. Bc6 Bxf2+ 19. Rxf2 Rxb2 20. Bxe8 Rb1
21. Bxf7+ Kh7 22. Qxb1 Bxb1 23. e6 Qe7 24. e3 Bf5 25. Bd6 Qg5 26. Bf4 Qe7 27.
Bd6 Qg5 28. Bf4 Qe7 1/2-1/2

[Event "XXXIV Miedzynarodowy Turniej Szachowy im"]
[Site "Police Klubie Nauczyciela  ul."]
[Date "2019.??.??"]
[Round "4.8"]
[White "Kula, Robert"]
[Black "Czernek, Tymon"]
[Result "0-1"]
[WhiteElo "2310"]
[BlackElo "2003"]
[PlyCount "78"]
[EventDate "2019.??.??"]

1. d4 Nf6 2. c4 c5 3. d5 b5 4. cxb5 a6 5. bxa6 g6 6. Nc3 Bg7 7. e4 O-O 8. Nf3
Qa5 9. Bd2 Bxa6 10. Bxa6 Nxa6 11. O-O Rfb8 12. Rb1 d6 13. e5 dxe5 14. Nxe5 Qc7
15. Re1 Nb4 16. Nc6 Nxc6 17. dxc6 Rd8 18. Qe2 Qxc6 19. Bf4 Nd5 20. Nxd5 Qxd5
21. b3 e6 22. Rbd1 Bd4 23. h4 Qb7 24. Rd2 Bc3 25. Rxd8+ Rxd8 26. Rc1 Bd4 27. h5
Qd5 28. hxg6 hxg6 29. Re1 Ra8 30. Rc1 Kg7 31. Rc4 Qf5 32. Bc1 Rh8 33. b4 Bxf2+
34. Qxf2 Rh1+ 35. Kxh1 Qxf2 36. Rxc5 Qe1+ 37. Kh2 Qxb4 38. Rc8 e5 39. Bg5 Qg4
0-1

[Event "XXXIV Miedzynarodowy Turniej Szachowy im"]
[Site "Police Klubie Nauczyciela  ul."]
[Date "2019.??.??"]
[Round "4.9"]
[White "Wikar, Martyna"]
[Black "Kozak, Antoni"]
[Result "0-1"]
[WhiteElo "2020"]
[BlackElo "2365"]
[PlyCount "76"]
[EventDate "2019.??.??"]

1. e4 g6 2. g3 Bg7 3. Bg2 c5 4. c3 Nc6 5. Ne2 e5 6. Na3 Nge7 7. O-O O-O 8. Nc2
d5 9. d4 dxe4 10. dxc5 Bg4 11. Qxd8 Raxd8 12. Re1 f5 13. a4 Rd7 14. Kf1 Na5 15.
Bg5 Nb3 16. Rad1 Rfd8 17. Rxd7 Rxd7 18. h3 Bf3 19. Bxe7 Rxe7 20. Rd1 Nxc5 21.
Rd8+ Kf7 22. Nb4 Ke6 23. Nd5 Rd7 24. Rxd7 Kxd7 25. Bxf3 exf3 26. Nc1 Nxa4 27.
b3 Nb6 28. Nxb6+ axb6 29. Ke1 e4 30. Na2 Kd6 31. Kd2 h5 32. Nb4 Bh6+ 33. Ke1 g5
34. Nc2 g4 35. h4 f4 36. Nd4 Ke5 37. b4 fxg3 38. fxg3 e3 0-1

[Event "XXXIV Miedzynarodowy Turniej Szachowy im"]
[Site "Police Klubie Nauczyciela  ul."]
[Date "2019.??.??"]
[Round "4.10"]
[White "Mis, Mieszko"]
[Black "Chyzy, Jakub"]
[Result "1-0"]
[WhiteElo "2284"]
[BlackElo "2093"]
[PlyCount "69"]
[EventDate "2019.??.??"]

1. d4 d5 2. c4 e6 3. g3 Nf6 4. Bg2 dxc4 5. Qa4+ Bd7 6. Qxc4 Bc6 7. Nf3 Be7 8.
O-O O-O 9. Bg5 h6 10. Bxf6 Bxf6 11. Nc3 a6 12. Rfd1 b5 13. Qb3 Nd7 14. Rac1 Nb6
15. e4 Rb8 16. Qc2 Ba8 17. Ne2 Rc8 18. Nf4 Qe8 19. b3 Be7 20. d5 Ba3 21. Rb1 g5
22. Nd3 exd5 23. exd5 Bxd5 24. b4 c5 25. Nxc5 Bxb4 26. Nxg5 hxg5 27. Bxd5 Nxd5
28. Qf5 Qe7 29. Nd7 Rfd8 30. Rxd5 Bc3 31. Rc1 Qe6 32. Qxg5+ Bg7 33. Rcd1 Rxd7
34. Rxd7 Re8 35. Qd5 1-0

[Event "XXXIV Miedzynarodowy Turniej Szachowy im"]
[Site "Police Klubie Nauczyciela  ul."]
[Date "2019.??.??"]
[Round "4.11"]
[White "Tokarczyk, Tomasz"]
[Black "Laux, Dominik"]
[Result "1-0"]
[WhiteElo "2223"]
[BlackElo "1987"]
[PlyCount "74"]
[EventDate "2019.??.??"]

1. d4 d5 2. c4 c6 3. Nf3 Nf6 4. e3 Bf5 5. Nc3 e6 6. Nh4 Bg6 7. Be2 Nbd7 8. g3
Be7 9. O-O Qc7 10. Bd2 Ne4 11. Nxg6 Nxc3 12. bxc3 hxg6 13. cxd5 exd5 14. c4
dxc4 15. Bxc4 Nb6 16. Bb3 Qd7 17. Qf3 Bf6 18. Qe4+ Qe7 19. Qxe7+ Kxe7 20. Bb4+
Ke8 21. a4 a5 22. Bd2 Ke7 23. Rab1 Nc8 24. Rfc1 Rd8 25. Rc5 Nd6 26. Bxa5 Rh8
27. Bb4 Kd7 28. Rcc1 Nf5 29. Bxf7 Rh6 30. Bc5 Kc7 31. Rb4 Rah8 32. Rcb1 b5 33.
e4 Nh4 34. gxh4 Rxh4 35. axb5 Bg5 36. bxc6 Bf4 37. Rb7+ Kc8 1-0

[Event "XXXIV Miedzynarodowy Turniej Szachowy im"]
[Site "Police Klubie Nauczyciela  ul."]
[Date "2019.??.??"]
[Round "4.13"]
[White "Lanica, Lukasz"]
[Black "Olenderek, Tomasz"]
[Result "1/2-1/2"]
[WhiteElo "1800"]
[BlackElo "2076"]
[PlyCount "79"]
[EventDate "2019.??.??"]

1. e4 d5 2. exd5 Nf6 3. d4 Nxd5 4. Nf3 g6 5. c4 Nb6 6. h3 Bg7 7. Be2 O-O 8. O-O
Nc6 9. Be3 e5 10. d5 Ne7 11. Nc3 Nf5 12. Bc5 Re8 13. Rc1 e4 14. Nd4 Nd6 15. b3
Qg5 16. Kh1 Be5 17. Bg4 f5 18. Be2 Qf4 19. g3 Qh6 20. Kh2 f4 21. Bg4 Nd7 22.
Bxd6 fxg3+ 23. fxg3 cxd6 24. Be6+ Kh8 25. Nxe4 Qe3 26. Nf3 Qxe4 27. Re1 Qxe1
28. Qxe1 Bg7 29. Qb4 Nc5 30. Ng5 Nd3 31. Nf7+ Kg8 32. Ne5+ Rxe6 33. Nxd3 Re2+
34. Kh1 Bf5 35. Nf4 Be4+ 36. Kg1 Bd4+ 37. Kf1 Rf2+ 38. Ke1 Re8 39. Ne6 Bf3 40.
Qxb7 1/2-1/2

[Event "XXXIV Miedzynarodowy Turniej Szachowy im"]
[Site "Police Klubie Nauczyciela  ul."]
[Date "2019.??.??"]
[Round "4.14"]
[White "Pawlicz, Adam"]
[Black "Dryja, Szymon"]
[Result "0-1"]
[WhiteElo "2032"]
[BlackElo "1785"]
[PlyCount "126"]
[EventDate "2019.??.??"]

1. d4 Nf6 2. c4 g6 3. Nc3 Bg7 4. e4 d6 5. Nf3 O-O 6. Be2 Nbd7 7. O-O e5 8. d5
Nc5 9. Qc2 Nh5 10. Re1 f5 11. b4 Nxe4 12. Nxe4 fxe4 13. Ng5 Nf6 14. Nxe4 Nxe4
15. Qxe4 Qf6 16. Rf1 a5 17. Bd2 axb4 18. Qc2 c5 19. dxc6 bxc6 20. Bxb4 c5 21.
Bc3 Qg5 22. Bd2 Qe7 23. Bf3 Rxf3 24. gxf3 Bb7 25. Qb3 Rf8 26. f4 exf4 27. f3
Bd4+ 28. Kh1 Bxa1 29. Rxa1 Ba8 30. Re1 Qh4 31. Qd3 Qh5 32. Rf1 g5 33. Bc3 Re8
34. Bd2 Qh3 35. Kg1 Re6 36. Rf2 Qh5 37. Qf5 Qg6 38. Qxg6+ Rxg6 39. Rf1 g4 40.
Bxf4 gxf3+ 41. Bg3 Rg4 42. Rb1 Kf7 43. Rb8 Be4 44. Rd8 Ke7 45. Rb8 h5 46. Rh8
Bg6 47. Kf2 Rxc4 48. Kxf3 Ra4 49. Rb8 Rxa2 50. h4 Ra4 51. Bf4 Ra3+ 52. Ke2 Bf5
53. Rh8 c4 54. Kd2 Rd3+ 55. Kc1 Bg6 56. Bg5+ Ke6 57. Rf8 Bf7 58. Kc2 d5 59. Rc8
Rf3 60. Rc6+ Ke5 61. Rc7 d4 62. Re7+ Kd6 63. Re4 Bg6 0-1

[Event "XXXIV Miedzynarodowy Turniej Szachowy im"]
[Site "Police Klubie Nauczyciela  ul."]
[Date "2019.??.??"]
[Round "4.15"]
[White "Jankowiak, Tomasz"]
[Black "Krzywnicka, Maria"]
[Result "1-0"]
[WhiteElo "2104"]
[BlackElo "1756"]
[PlyCount "117"]
[EventDate "2019.??.??"]

1. e4 c5 2. Nf3 d6 3. Bb5+ Bd7 4. Bxd7+ Qxd7 5. c4 Nc6 6. d4 cxd4 7. Nxd4 Nf6
8. Nc3 g6 9. O-O Bg7 10. Nde2 O-O 11. f3 Rac8 12. Bg5 a6 13. a4 Rfd8 14. b3 e6
15. Ra2 Qc7 16. Kh1 Qa5 17. Bh4 Rd7 18. Rd2 Rcd8 19. Qc2 Qh5 20. Bg3 Nb4 21.
Qc1 Qa5 22. Rfd1 d5 23. e5 Ne8 24. f4 Rc8 25. Qb2 Nc7 26. Be1 Rcd8 27. Rd4 Bf8
28. Na2 Qb6 29. c5 Bxc5 30. Bxb4 Bxd4 31. Qxd4 Qxd4 32. Nxd4 Ne8 33. Ba5 Rc8
34. Kg1 h5 35. Kf2 Ng7 36. Ke2 Re7 37. Kd3 Ree8 38. Bb6 Kf8 39. a5 Ke7 40. Nc3
Nf5 41. Rd2 Rg8 42. Nf3 Rc6 43. Na4 Rc1 44. b4 Rc4 45. Bc5+ Ke8 46. g3 Rc1 47.
Nb6 Kd8 48. Ke2 Kc7 49. Kf2 Kb8 50. Ng5 Nh6 51. h3 Kc7 52. Nh7 h4 53. g4 Nxg4+
54. hxg4 Rh8 55. Ng5 h3 56. Kg3 Rc3+ 57. Kh2 Rh4 58. Nxf7 Rxg4 59. Ng5 1-0

[Event "XXXIV Miedzynarodowy Turniej Szachowy im"]
[Site "Police Klubie Nauczyciela  ul."]
[Date "2019.??.??"]
[Round "4.16"]
[White "Swiech, Joanna"]
[Black "Graf, Pawel"]
[Result "1/2-1/2"]
[WhiteElo "1879"]
[BlackElo "2060"]
[PlyCount "100"]
[EventDate "2019.??.??"]

1. d4 c5 2. d5 e5 3. c4 d6 4. e4 Be7 5. Nc3 Bg5 6. Bd3 Bxc1 7. Qxc1 Nf6 8. Nge2
a6 9. f3 Nbd7 10. Ng3 g6 11. Qh6 Qe7 12. Nf1 Nh5 13. g3 Qf6 14. Be2 Qg7 15. Qd2
O-O 16. O-O-O Kh8 17. h4 Ndf6 18. Kb1 Bd7 19. Bd3 Rfb8 20. Ne2 b5 21. Ne3 bxc4
22. Nxc4 Ne8 23. g4 Nf4 24. Nxf4 exf4 25. Qxf4 Bb5 26. Rh2 Bxc4 27. Bxc4 Rb4
28. Qc1 Nc7 29. g5 Nb5 30. Bxb5 axb5 31. h5 Qe5 32. Rdh1 Ra7 33. Re2 Rba4 34.
b3 Rd4 35. f4 Qe7 36. Qb2 Kg8 37. h6 f6 38. gxf6 Qxf6 39. f5 gxf5 40. Rg2+ Kh8
41. Rhg1 Ra8 42. Rg7 Qxh6 43. exf5 Qxg7 44. Rxg7 Kxg7 45. Qe2 Rf8 46. Qe7+ Rf7
47. f6+ Kg6 48. Qxd6 Rxf6 49. Qxc5 Rd2 50. Qxb5 Rff2 1/2-1/2

[Event "XXXIV Miedzynarodowy Turniej Szachowy im"]
[Site "Police Klubie Nauczyciela  ul."]
[Date "2019.??.??"]
[Round "4.17"]
[White "Jankowiak, Piotr"]
[Black "Niedbal, Piotr"]
[Result "1-0"]
[WhiteElo "1985"]
[BlackElo "1915"]
[PlyCount "113"]
[EventDate "2019.??.??"]

1. d4 Nf6 2. Bf4 c5 3. d5 g6 4. Nc3 d6 5. Qd2 Qa5 6. a4 Qb4 7. f3 Bg7 8. e3 Nh5
9. Nd1 Nxf4 10. exf4 Qb6 11. a5 Qc7 12. c4 O-O 13. Bd3 Na6 14. Ne2 Nb4 15. Be4
Bd7 16. Ndc3 b6 17. axb6 axb6 18. Rd1 Na2 19. Bb1 Nxc3 20. Nxc3 b5 21. cxb5
Bxc3 22. bxc3 Bxb5 23. f5 Kg7 24. h4 h6 25. fxg6 fxg6 26. h5 g5 27. Qc2 Rg8 28.
Qh7+ Kf8 29. Bg6 Be8 30. Qxh6+ Rg7 31. Qh8+ Rg8 32. Qh6+ Rg7 33. Qxg5 Qa5 34.
Qf5+ Bf7 35. Qd3 Qa2 36. O-O Qa4 37. c4 Qe8 38. Qf5 Kg8 39. Bxf7+ Rxf7 40. Qe6
Kh8 41. Ra1 Rd8 42. Rfe1 Qf8 43. Ra7 Re8 44. Rd7 Qg7 45. Qe3 Rg8 46. g4 Qf6 47.
Kg2 Rgf8 48. Re2 Kg8 49. Qe4 Kh8 50. Rf2 Rg7 51. Re2 Rgf7 52. Qd3 Rg7 53. Re4
Rb8 54. Kg3 Qa1 55. Qe3 Rb1 56. Qh6+ Kg8 57. Rd8+ 1-0

[Event "XXXIV Miedzynarodowy Turniej Szachowy im"]
[Site "Police Klubie Nauczyciela  ul."]
[Date "2019.??.??"]
[Round "4.18"]
[White "Bui, Bao Anh Le"]
[Black "Kalinin, Aleksandr"]
[Result "1-0"]
[WhiteElo "2064"]
[BlackElo "2203"]
[PlyCount "67"]
[EventDate "2019.??.??"]

1. e4 e5 2. Nf3 Nc6 3. Bc4 Nf6 4. d3 h6 5. c3 Be7 6. Bb3 d6 7. Nbd2 O-O 8. Nf1
d5 9. Qe2 d4 10. Ng3 Re8 11. O-O Bf8 12. Nh4 Na5 13. Ba4 Nc6 14. Nhf5 Kh7 15.
f4 g6 16. fxe5 gxf5 17. exf6 dxc3 18. bxc3 Qxf6 19. Qd2 Bg7 20. d4 Rd8 21. Nh5
Qg6 22. Nxg7 Qxg7 23. exf5 Qf6 24. Rf3 Nxd4 25. cxd4 Rxd4 26. Bb2 Rxd2 27. Bxf6
Rd6 28. Be5 Rd5 29. Re1 h5 30. Bb3 Rd7 31. Rg3 a5 32. Rg7+ Kh6 33. f6 h4 34.
Bf4+ 1-0